Lee McGuigan, Selling the American People: Advertising, Optimization, and the Origins of Adtech, Cambridge, MIT Press, 2023, 338 p. (notice n° 2069495)

détails MARC
000 -LEADER
fixed length control field 02594cam a2200169 4500500
005 - DATE AND TIME OF LATEST TRANSACTION
control field 20260405003632.0
041 ## - LANGUAGE CODE
Language code of text/sound track or separate title fre
042 ## - AUTHENTICATION CODE
Authentication code dc
100 10 - MAIN ENTRY--PERSONAL NAME
Personal name Mellet, Kevin
Relator term author
245 00 - TITLE STATEMENT
Title Lee McGuigan, Selling the American People: Advertising, Optimization, and the Origins of Adtech, Cambridge, MIT Press, 2023, 338 p.
260 ## - PUBLICATION, DISTRIBUTION, ETC.
Date of publication, distribution, etc. 2024.<br/>
500 ## - GENERAL NOTE
General note 45
520 ## - SUMMARY, ETC.
Summary, etc. The recent notion of ‘surveillance capitalism’ has become one of the main tools for theorizing digital mediations, making it possible to account for the proliferation of surveillance devices in a wide variety of forms and social contexts. The term is polysemous and can in fact cover very different theoretical models. We can identify two main strategies used to conceptualize the role of surveillance in contemporary capitalism: a weak conception of surveillance as the control of labour, and a maximalist conception of surveillance as a new form of exploitation, at odds with traditional forms of capitalism. We propose a third conception of surveillance as reproduction, by showing how, despite their apparent diversity, the spread of surveillance systems helps to reproduce political, economic and social institutions that are threatened by the crisis yet determine the functioning of capitalism.
520 ## - SUMMARY, ETC.
Summary, etc. La notion récente de « capitalisme de surveillance » s’est imposée comme un des principaux outils de théorisation des médiations numériques, permettant de rendre compte de la multiplication des dispositifs de surveillance sous des formes et dans des contextes sociaux très variés. L’expression, polysémique, peut en réalité recouvrir des modèles théoriques tout à fait hétérogènes. Nous pouvons identifier deux grandes stratégies conceptuelles mises en œuvre pour penser la place de la surveillance dans le capitalisme contemporain : une conception faible de la surveillance comme contrôle du travail, et une conception maximaliste de la surveillance comme nouvelle exploitation, en rupture avec les formes traditionnelles du capitalisme. Nous proposons d’élaborer une troisième conception de la surveillance comme reproduction, en montrant comment la diffusion des dispositifs de surveillance, malgré leur diversité apparente, participe à reproduire des institutions politiques, économiques et sociales menacées par la crise et qui pourtant conditionnent le fonctionnement du capitalisme.
786 0# - DATA SOURCE ENTRY
Note Réseaux | 245 | 3 | 2024-09-30 | p. 349-353 | 0751-7971
856 41 - ELECTRONIC LOCATION AND ACCESS
Uniform Resource Identifier <a href="https://shs.cairn.info/revue-reseaux-2024-3-page-349?lang=fr&redirect-ssocas=7080">https://shs.cairn.info/revue-reseaux-2024-3-page-349?lang=fr&redirect-ssocas=7080</a>

Pas d'exemplaire disponible.

PLUDOC

PLUDOC est la plateforme unique et centralisée de gestion des bibliothèques physiques et numériques de Guinée administré par le CEDUST. Elle est la plus grande base de données de ressources documentaires pour les Étudiants, Enseignants chercheurs et Chercheurs de Guinée.

Adresse

627 919 101/664 919 101

25 boulevard du commerce
Kaloum, Conakry, Guinée

Réseaux sociaux

Powered by Netsen Group @ 2025